Environmentální zátěže v Podkrušnohoří - stav a možnosti jejich snižování

Bibliographic Details
Main Authors: Vráblíková, Jaroslava (Author), Vráblík, Petr (Author)
Format: Article
Language:Czech
Subjects:

MARC

LEADER 00000nab a2200000Iu 4500
001 vtls011459659
003 SK-MaSNL
005 20260305011545.0
008 230222|2012 xo |||||||||||||||||cze|
015 |a SNBRB 
035 |a (urnnbn)urn:nbn:sk:snk:ar-a0aauk 
035 |a (uuid)b2f7676d-c8ae-421d-ab0d-2a0706405f3d 
035 |a urn:nbn:sk:snk-abctqq 
040 |a SNKBUCL  |b slo  |c SNKBUCL  |e AACR2 
041 0 |a cze 
044 |a xo  |c SK 
080 |a 502/504  |2 2011 
080 |a 502.5  |2 2011 
080 |a 622  |2 2001 
080 |a 552.574  |2 2001 
080 |a 332  |2 2001 
080 |a 502.5:502.174  |2 2001 
080 |a (437.3)  |2 2011 
100 1 |a Vráblíková, Jaroslava  |4 aut  |9 713919 
245 1 0 |a Environmentální zátěže v Podkrušnohoří - stav a možnosti jejich snižování  |c Jaroslava Vráblíková, Petr Vráblík 
504 |a Bibliografické odkazy 
650 0 7 |a environmentalistika  |2 SNKPH  |9 787 
650 0 7 |a krajina  |2 SNKPH  |9 15725 
650 0 7 |a baníctvo  |2 SNKPH  |9 3571 
650 0 7 |a uhlie  |2 SNKPH  |9 16426 
650 0 7 |a regióny  |2 SNKPH  |9 2350 
650 0 7 |a revitalizácia krajiny  |2 SNKPH  |9 72977 
651 7 |a Česko  |2 SNKPH  |9 16753 
700 1 |a Vráblík, Petr  |4 aut  |9 790219 
773 0 |t Životné prostredie : revue pre teóriu a starostlivosť o životné prostredie  |g Roč. 46, č. 2 (2012), s. 69-75 
958 |a NB 
958 |a OND 
958 |a EUIPO 
958 |a article16 
999 |c 3253601  |d 3255531